[Event "2014 Battle of Alberta"]
[Site "Red Deer"]
[Date "2014.09.13"]
[Round "1.3"]
[White "Pechenkin, Vladimir"]
[Black "Ng, Gary"]
[Result "1-0"]
[WhiteElo "2386"]
[BlackElo "2252"]
[PlyCount "79"]
[EventDate "2014.09.13"]
[EventType "team"]
[EventRounds "2"]
[EventCountry "CAN"]
[WhiteTeam "North"]
[BlackTeam "South"]
[WhiteTeamCountry "CAN"]
[BlackTeamCountry "CAN"]

1. c4 c6 2. g3 d5 3. Nf3 Nf6 4. Bg2 g6 5. b3 Bg7 6. Bb2 O-O 7. O-O Nbd7 8. Qc2
Re8 9. Nc3 dxc4 10. bxc4 e5 11. d3 Nc5 12. Rfd1 Qc7 13. Ng5 Bf5 14. Rab1 Rad8
15. Na4 Nfd7 16. Bc3 h6 17. Nxc5 Nxc5 18. Ne4 Bxe4 19. Bxe4 f5 20. Bg2 Qf7 21.
Bb4 Bf8 22. Qb2 Rd7 23. Qa3 Na6 24. Bxc6 bxc6 25. Qxa6 Re6 26. Bxf8 Qxf8 27.
Rb7 Rxb7 28. Qxb7 Qc5 29. Qc8+ Kf7 30. Rb1 f4 31. Rb7+ Kf6 32. Qd8+ Re7 33.
Qxe7+ Qxe7 34. Rxe7 Kxe7 35. Kg2 Kd6 36. Kf3 fxg3 37. fxg3 Kc5 38. Ke4 Kb4 39.
Kxe5 Ka3 40. d4 1-0

[Event "2014 Battle of Alberta"]
[Site "Red Deer"]
[Date "2014.09.13"]
[Round "1.4"]
[White "Haessel, Dale"]
[Black "Valencia, Belsar"]
[Result "0-1"]
[WhiteElo "2246"]
[BlackElo "2311"]
[PlyCount "122"]
[EventDate "2014.09.13"]
[EventType "team"]
[EventRounds "2"]
[EventCountry "CAN"]
[WhiteTeam "South"]
[BlackTeam "North"]
[WhiteTeamCountry "CAN"]
[BlackTeamCountry "CAN"]

1. d4 Nf6 2. c4 g6 3. Nf3 Bg7 4. g3 O-O 5. Bg2 d6 6. Nc3 Nc6 7. O-O Bg4 8. h3
Bxf3 9. exf3 Nd7 10. Be3 Nb6 11. b3 d5 12. c5 Nd7 13. Rc1 e6 14. f4 Ne7 15. g4
c6 16. Qd3 b6 17. cxb6 axb6 18. a4 Qb8 19. b4 Rc8 20. Rc2 Qd6 21. Rb1 Rd8 22.
Qd2 Nf6 23. Qc1 Ne8 24. Qa3 Bf8 25. Rb3 Qd7 26. Qc1 Nd6 27. Bf1 Bg7 28. b5 cxb5
29. Nxb5 Nc4 30. Bxc4 dxc4 31. Rxc4 Nd5 32. Rb2 Rdc8 33. Rbc2 Rxc4 34. Rxc4 Bf8
35. Qc2 Qb7 36. Kh2 Qd7 37. Kg3 Nb4 38. Qb3 Nd5 39. Qc2 Nb4 40. Qb3 Nd5 41. Bd2
h6 42. Qc2 Rd8 43. Qe4 Bg7 44. Qc2 Bf8 45. Nc3 Nxc3 46. Qxc3 Qd5 47. Be3 Bd6
48. Rc8 Rxc8 49. Qxc8+ Kg7 50. Qa6 Bc7 51. Qe2 g5 52. Qf3 Qb3 53. Kg2 Qxa4 54.
fxg5 hxg5 55. Qb7 Bd8 56. Qb8 Qd7 57. Qe5+ Bf6 58. Qe4 Qd5 59. f3 b5 60. Qd3 b4
61. Kf1 Qxf3+ 0-1

[Event "2014 Battle of Alberta"]
[Site "Red Deer"]
[Date "2014.09.13"]
[Round "1.5"]
[White "Haynes, Nicolas"]
[Black "Booker, Brad"]
[Result "0-1"]
[WhiteElo "2285"]
[BlackElo "2232"]
[PlyCount "98"]
[EventDate "2014.09.13"]
[EventType "team"]
[EventRounds "2"]
[EventCountry "CAN"]
[WhiteTeam "North"]
[BlackTeam "South"]
[WhiteTeamCountry "CAN"]
[BlackTeamCountry "CAN"]

1. d4 Nf6 2. c4 g6 3. Nc3 Bg7 4. Nf3 O-O 5. g3 d6 6. Bg2 Nbd7 7. O-O c6 8. e4
e5 9. h3 a6 10. Be3 Qe7 11. d5 cxd5 12. cxd5 b5 13. b4 Rb8 14. Nd2 Ne8 15. Nb3
f5 16. Na5 Qf6 17. Nc6 Rb7 18. exf5 gxf5 19. Qh5 h6 20. g4 f4 21. Ne4 Qf7 22.
Qxf7+ Rxf7 23. Nd8 fxe3 24. Nxf7 Kxf7 25. fxe3+ Ke7 26. Ng3 Ndf6 27. Rac1 Bd7
28. Rc2 Rc7 29. Rfc1 Kd8 30. e4 Bf8 31. Rxc7 Nxc7 32. Rf1 Be7 33. Kh2 Nfe8 34.
Nh5 Bg5 35. Kg3 Ke7 36. h4 Bd2 37. a3 Na8 38. Rd1 Be3 39. Kf3 Bd4 40. Ng3 Nf6
41. Nf5+ Bxf5 42. exf5 Nb6 43. g5 Nfxd5 44. Re1 Nf4 45. Bf1 Nbd5 46. Rc1 Nc3
47. Bd3 Nxd3 48. Rxc3 Bxc3 49. Ke4 Nf4 0-1

[Event "2014 Battle of Alberta"]
[Site "Red Deer"]
[Date "2014.09.13"]
[Round "1.6"]
[White "Kostadinov, Georgi"]
[Black "Arruebarrena, Rafael"]
[Result "1-0"]
[WhiteElo "2202"]
[BlackElo "2277"]
[PlyCount "127"]
[EventDate "2014.09.13"]
[EventType "team"]
[EventRounds "2"]
[EventCountry "CAN"]
[WhiteTeam "South"]
[BlackTeam "North"]
[WhiteTeamCountry "CAN"]
[BlackTeamCountry "CAN"]

1. d4 Nf6 2. c4 g6 3. Nc3 d5 4. cxd5 Nxd5 5. e4 Nxc3 6. bxc3 Bg7 7. Nf3 c5 8.
Be3 Qa5 9. Qd2 Nc6 10. Rb1 cxd4 11. cxd4 Qxd2+ 12. Kxd2 O-O 13. d5 Rd8 14. Bd3
Ne5 15. Nxe5 Bxe5 16. Ke2 b6 17. Rhc1 e6 18. f4 Bg7 19. Rc7 exd5 20. exd5 Bf8
21. a4 Bd6 22. Rcc1 Bb7 23. Bc4 Re8 24. Kf3 Re7 25. g3 Rc8 26. Bb3 Rce8 27. Bf2
Bb4 28. Ba2 Ba5 29. g4 Rd7 30. Rd1 Ba6 31. Rb2 Bc3 32. Rc2 Bg7 33. Re1 Red8 34.
Bh4 f6 35. Re6 Bb7 36. Bxf6 Bxf6 37. Rxf6 Bxd5+ 38. Bxd5+ Rxd5 39. g5 Rd3+ 40.
Kg4 Kg7 41. Rc7+ R8d7 42. Rfc6 Kf7 43. Rc8 R3d4 44. Rh8 Kg7 45. Rcc8 Rxa4 46.
Rcg8+ Kf7 47. Rxh7+ Kxg8 48. Rxd7 b5 49. Rb7 a6 50. h4 Ra1 51. Kf3 Ra4 52. Ke3
Kf8 53. Kf3 Kg8 54. h5 gxh5 55. f5 Rg4 56. g6 Rg1 57. Ke4 Re1+ 58. Kf4 Rg1 59.
Ke5 Rc1 60. f6 Rc8 61. Ke6 Re8+ 62. Kf5 Rc8 63. Kg5 h4 64. Kxh4 1-0

[Event "2014 Battle of Alberta"]
[Site "Red Deer"]
[Date "2014.09.13"]
[Round "1.7"]
[White "Gardner, Robert"]
[Black "Shi, Diwen"]
[Result "1/2-1/2"]
[WhiteElo "2225"]
[BlackElo "2194"]
[PlyCount "58"]
[EventDate "2014.09.13"]
[EventType "team"]
[EventRounds "2"]
[EventCountry "CAN"]
[WhiteTeam "North"]
[BlackTeam "South"]
[WhiteTeamCountry "CAN"]
[BlackTeamCountry "CAN"]

1. d4 Nf6 2. c4 Nc6 3. Nc3 e5 4. d5 Ne7 5. Nf3 Ng6 6. h4 h5 7. Bg5 Bb4 8. e3
Qe7 9. Qc2 Bxc3+ 10. bxc3 d6 11. Bd3 Nf8 12. Nd2 N8d7 13. Ne4 Qf8 14. Bxf6 gxf6
15. Ng3 Nc5 16. Bf5 Bxf5 17. Nxf5 Qg8 18. f3 Qg6 19. Rh3 e4 20. fxe4 Qg4 21.
Rf3 Qxe4 22. Qxe4+ Nxe4 23. Rf4 Nc5 24. Ke2 Rg8 25. Rg1 Kd7 26. g4 Rg6 27. e4
Re8 28. Ke3 Reg8 29. Rg3 Ke8 1/2-1/2

[Event "2014 Battle of Alberta"]
[Site "Red Deer"]
[Date "2014.09.13"]
[Round "1.8"]
[White "Ebrahim-Shirazi, Behrooz"]
[Black "Miller, David"]
[Result "0-1"]
[WhiteElo "2188"]
[BlackElo "2235"]
[PlyCount "85"]
[EventDate "2014.09.13"]
[EventType "team"]
[EventRounds "2"]
[EventCountry "CAN"]
[WhiteTeam "South"]
[BlackTeam "North"]
[WhiteTeamCountry "CAN"]
[BlackTeamCountry "CAN"]

1. d4 Nf6 2. c4 g6 3. g3 Bg7 4. Bg2 O-O 5. Nc3 d6 6. Nf3 Nbd7 7. O-O e5 8. e4
a6 9. Re1 exd4 10. Nxd4 Ng4 11. h3 Qf6 12. Nf3 Nge5 13. Nd5 Nxf3+ 14. Bxf3 Qd8
15. Bg2 c6 16. Ne3 Nc5 17. Rb1 Re8 18. Qc2 f5 19. f3 fxe4 20. fxe4 Ne6 21. Nf1
Nd4 22. Qd1 d5 23. cxd5 cxd5 24. Kh2 dxe4 25. Be3 Bf5 26. Bxd4 Qxd4 27. Qxd4
Bxd4 28. g4 Be6 29. b3 Bd5 30. Rbd1 Bc3 31. Re3 Be5+ 32. Kh1 Rad8 33. Re2 Bc7
34. Ne3 Bc6 35. Rxd8 Rxd8 36. Kg1 Bb6 37. Kh2 Rd3 38. Nf1 Bc7+ 39. Kh1 Rd1 40.
Kg1 Bb5 41. Rxe4 Bb6+ 42. Kh2 Bxf1 43. Re8+ 0-1

[Event "2014 Battle of Alberta"]
[Site "Red Deer"]
[Date "2014.09.13"]
[Round "1.9"]
[White "Sequillion, Aaron"]
[Black "Nguyen, Kim"]
[Result "1-0"]
[WhiteElo "2235"]
[BlackElo "2142"]
[PlyCount "51"]
[EventDate "2014.09.13"]
[EventType "team"]
[EventRounds "2"]
[EventCountry "CAN"]
[WhiteTeam "North"]
[BlackTeam "South"]
[WhiteTeamCountry "CAN"]
[BlackTeamCountry "CAN"]

1. e4 c6 2. d4 d5 3. e5 Bf5 4. Nf3 e6 5. Be2 c5 6. Be3 Ne7 7. dxc5 Nd7 8. Nd4
Nxe5 9. O-O Nd7 10. g4 Bg6 11. f4 Be4 12. Nc3 Nc6 13. Nxe4 dxe4 14. Nxc6 bxc6
15. b4 Be7 16. c3 O-O 17. g5 e5 18. Qd2 exf4 19. Bxf4 Re8 20. Bc4 Ne5 21. Qxd8
Bxd8 22. Bxe5 Rxe5 23. Rxf7 Rxg5+ 24. Kh1 Rd5 25. Rd7 Bf6 26. Rxd5 1-0

[Event "2014 Battle of Alberta"]
[Site "Red Deer"]
[Date "2014.09.13"]
[Round "1.10"]
[White "Kobalenko, Jerry"]
[Black "Grumic, Sasa"]
[Result "0-1"]
[WhiteElo "2036"]
[BlackElo "2227"]
[PlyCount "82"]
[EventDate "2014.09.13"]
[EventType "team"]
[EventRounds "2"]
[EventCountry "CAN"]
[WhiteTeam "South"]
[BlackTeam "North"]
[WhiteTeamCountry "CAN"]
[BlackTeamCountry "CAN"]

1. Nf3 Nf6 2. g3 b6 3. Bg2 Bb7 4. O-O g6 5. b3 Bg7 6. Bb2 d6 7. d4 O-O 8. c4
Nbd7 9. Nc3 e5 10. Qc2 c5 11. dxe5 dxe5 12. e4 Qb8 13. Rad1 Re8 14. Ng5 h6 15.
Nh3 Nf8 16. f4 Ne6 17. fxe5 Ng4 18. Qe2 Nxe5 19. Nd5 Bxd5 20. cxd5 Nd4 21. Qf2
Qc7 22. Kh1 Ng4 23. Qd2 a5 24. Nf2 h5 25. Rc1 Qd6 26. Nxg4 hxg4 27. Bxd4 Bxd4
28. Rf4 a4 29. Rxg4 axb3 30. axb3 Ra3 31. Rb1 Rea8 32. h4 Ra2 33. Qf4 Be5 34.
Qh6 Bxg3 35. h5 Ra1 36. Rf1 Qf6 37. Rxg3 Rxf1+ 38. Kh2 Rf4 39. Bh3 Ra2+ 40. Rg2
Rxg2+ 41. Kxg2 Qh4 0-1

[Event "2014 Battle of Alberta"]
[Site "Red Deer"]
[Date "2014.09.13"]
[Round "1.11"]
[White "Hughey, Micah"]
[Black "Daniluk, Jim"]
[Result "0-1"]
[WhiteElo "2194"]
[BlackElo "2052"]
[PlyCount "60"]
[EventDate "2014.09.13"]
[EventType "team"]
[EventRounds "2"]
[EventCountry "CAN"]
[WhiteTeam "North"]
[BlackTeam "South"]
[WhiteTeamCountry "CAN"]
[BlackTeamCountry "CAN"]

1. e4 c5 2. Nf3 Nc6 3. c3 d5 4. exd5 Qxd5 5. d4 Nf6 6. Be2 e6 7. Be3 cxd4 8.
cxd4 Bb4+ 9. Nc3 Qa5 10. O-O Bxc3 11. bxc3 Qxc3 12. Rc1 Qa3 13. Ne5 Nd5 14. Bb5
Nxe3 15. fxe3 Qxe3+ 16. Kh1 O-O 17. Nxc6 bxc6 18. Bxc6 Rb8 19. Rf3 Qg5 20. Rg3
Qf4 21. Rcc3 Rb4 22. h3 Rxd4 23. Qh5 Bd7 24. Bb7 g6 25. Qa5 Rd1+ 26. Kh2 Qf2
27. Rge3 h5 28. Qc5 Qf4+ 29. g3 Qf2+ 30. Bg2 Qg1# 0-1

[Event "2014 Battle of Alberta"]
[Site "Red Deer"]
[Date "2014.09.13"]
[Round "1.12"]
[White "Karmali, Hafiz"]
[Black "Ottosen, David"]
[Result "0-1"]
[WhiteElo "2039"]
[BlackElo "2128"]
[PlyCount "62"]
[EventDate "2014.09.13"]
[EventType "team"]
[EventRounds "2"]
[EventCountry "CAN"]
[WhiteTeam "South"]
[BlackTeam "North"]
[WhiteTeamCountry "CAN"]
[BlackTeamCountry "CAN"]

1. d4 d5 2. c4 c6 3. Nc3 e6 4. e4 dxe4 5. Nxe4 Bb4+ 6. Nc3 c5 7. Be3 cxd4 8.
Bxd4 Nf6 9. a3 Be7 10. Nf3 Nc6 11. Be3 O-O 12. Qc2 Ng4 13. Bf4 e5 14. Bg3 f5
15. Rd1 Qe8 16. h3 Nd4 17. Nxd4 exd4 18. Ne2 Nf6 19. Rxd4 Bc5 20. Rd1 Ne4 21.
Qd3 f4 22. Bh4 Bf5 23. Qd5+ Kh8 24. f3 Qh5 25. fxe4 Qxh4+ 26. g3 fxg3 27. Bg2
Bf2+ 28. Kf1 Bg6 29. Qxb7 Rab8 30. Qc6 Rxb2 31. e5 Bh5 0-1

[Event "2014 Battle of Alberta"]
[Site "Red Deer"]
[Date "2014.09.13"]
[Round "2.3"]
[White "Ng, Gary"]
[Black "Pechenkin, Vladimir"]
[Result "1/2-1/2"]
[WhiteElo "2386"]
[BlackElo "2252"]
[PlyCount "68"]
[EventDate "2014.09.13"]
[EventType "team"]
[EventRounds "2"]
[EventCountry "CAN"]
[WhiteTeam "South"]
[BlackTeam "North"]
[WhiteTeamCountry "CAN"]
[BlackTeamCountry "CAN"]

1. b4 e5 2. Bb2 Bxb4 3. Bxe5 Nf6 4. Nc3 c6 5. Rb1 a5 6. Na4 b5 7. c3 Bf8 8. Nb2
d5 9. Nf3 Bf5 10. d3 Nbd7 11. Bg3 c5 12. e3 a4 13. Qd2 Qa5 14. Be2 Be7 15. O-O
O-O 16. Ne5 Nxe5 17. Bxe5 a3 18. Nd1 Nd7 19. Bf4 Nb6 20. e4 Be6 21. d4 Nc4 22.
Bxc4 bxc4 23. exd5 Bxd5 24. Re1 Rfe8 25. Re5 cxd4 26. cxd4 Qxd2 27. Bxd2 Be6
28. Ne3 Bf6 29. Re4 c3 30. Bxc3 Bxa2 31. Rxe8+ Rxe8 32. Ra1 Rc8 33. Bd2 Be6 34.
Rxa3 Bxd4 1/2-1/2

[Event "2014 Battle of Alberta"]
[Site "Red Deer"]
[Date "2014.09.13"]
[Round "2.4"]
[White "Valencia, Belsar"]
[Black "Haessel, Dale"]
[Result "1/2-1/2"]
[WhiteElo "2311"]
[BlackElo "2246"]
[PlyCount "65"]
[EventDate "2014.09.13"]
[EventType "team"]
[EventRounds "2"]
[EventCountry "CAN"]
[WhiteTeam "North"]
[BlackTeam "South"]
[WhiteTeamCountry "CAN"]
[BlackTeamCountry "CAN"]

1. d4 Nf6 2. Nf3 g6 3. c4 Bg7 4. Nc3 d5 5. Qb3 dxc4 6. Qxc4 O-O 7. e4 Bg4 8.
Be3 Nfd7 9. Rd1 Nc6 10. Qb3 e5 11. dxe5 Ncxe5 12. Be2 Nxf3+ 13. Bxf3 Bxf3 14.
gxf3 Qc8 15. Nd5 Re8 16. Bg5 Bf8 17. Bf4 Bd6 18. Bxd6 cxd6 19. Qc3 Qxc3+ 20.
Nxc3 Re6 21. O-O Rc8 22. Rd4 Kf8 23. Rfd1 Rc6 24. f4 Nf6 25. f3 Nh5 26. Nd5 Rc2
27. R4d2 Rxd2 28. Rxd2 f5 29. Rd4 Nf6 30. Nc3 Nh5 31. Nd5 Nf6 32. Nc3 Nh5 33.
Nd5 1/2-1/2

[Event "2014 Battle of Alberta"]
[Site "Red Deer"]
[Date "2014.09.13"]
[Round "2.5"]
[White "Booker, Brad"]
[Black "Haynes, Nicolas"]
[Result "0-1"]
[WhiteElo "2232"]
[BlackElo "2285"]
[PlyCount "62"]
[EventDate "2014.09.13"]
[EventType "team"]
[EventRounds "2"]
[EventCountry "CAN"]
[WhiteTeam "South"]
[BlackTeam "North"]
[WhiteTeamCountry "CAN"]
[BlackTeamCountry "CAN"]

1. e4 e5 2. Nf3 Nc6 3. Bb5 a6 4. Ba4 Nf6 5. O-O Be7 6. Re1 b5 7. Bb3 d6 8. c3
O-O 9. d3 Na5 10. Bc2 c5 11. Nbd2 Qc7 12. Nf1 Re8 13. Ng3 h6 14. Nh4 Bf8 15.
Nhf5 d5 16. Qf3 Qc6 17. exd5 Nxd5 18. Bd2 Bb7 19. Ne4 Qg6 20. Rac1 Rad8 21. a3
Nf4 22. Nh4 Bxe4 23. Rxe4 Qg5 24. Bxf4 exf4 25. Qxf4 Rxe4 26. Qxg5 hxg5 27.
dxe4 gxh4 28. b3 c4 29. b4 Nb3 30. Rd1 Rxd1+ 31. Bxd1 Bd6 0-1

[Event "2014 Battle of Alberta"]
[Site "Red Deer"]
[Date "2014.09.13"]
[Round "2.6"]
[White "Arruebarrena, Rafael"]
[Black "Kostadinov, Georgi"]
[Result "1-0"]
[WhiteElo "2277"]
[BlackElo "2202"]
[PlyCount "71"]
[EventDate "2014.09.13"]
[EventType "team"]
[EventRounds "2"]
[EventCountry "CAN"]
[WhiteTeam "North"]
[BlackTeam "South"]
[WhiteTeamCountry "CAN"]
[BlackTeamCountry "CAN"]

1. e4 c5 2. Nf3 d6 3. d4 cxd4 4. Nxd4 Nf6 5. Nc3 a6 6. Be2 e5 7. Nb3 Be7 8. O-O
Be6 9. f4 Qc7 10. Kh1 h5 11. a4 Nbd7 12. a5 Rc8 13. Be3 Ng4 14. Bg1 Ndf6 15. f5
Bc4 16. Bxc4 Qxc4 17. Qf3 Qc6 18. Rfd1 g6 19. Rd2 O-O 20. h3 Kg7 21. Rf1 Qc4
22. Bb6 Rh8 23. Kg1 Nh6 24. fxg6 fxg6 25. Rxd6 Rhf8 26. Rdd1 Nxe4 27. Qxe4
Rxf1+ 28. Rxf1 Qxe4 29. Nxe4 Rxc2 30. Rf2 Rc4 31. Nc3 Nf5 32. Nd2 Rc6 33. Nde4
Bh4 34. Rd2 Ng3 35. Rd7+ Kg8 36. Rd6 1-0

[Event "2014 Battle of Alberta"]
[Site "Red Deer"]
[Date "2014.09.13"]
[Round "2.7"]
[White "Shi, Diwen"]
[Black "Gardner, Robert"]
[Result "1-0"]
[WhiteElo "2194"]
[BlackElo "2225"]
[PlyCount "27"]
[EventDate "2014.09.13"]
[EventType "team"]
[EventRounds "2"]
[EventCountry "CAN"]
[WhiteTeam "South"]
[BlackTeam "North"]
[WhiteTeamCountry "CAN"]
[BlackTeamCountry "CAN"]

1. e4 d6 2. d4 Nf6 3. Nc3 g6 4. Bg5 Bg7 5. Qd2 O-O 6. O-O-O c5 7. dxc5 Qa5 8.
cxd6 Nxe4 9. Nxe4 Qxa2 10. Qb4 Bf5 11. dxe7 Nc6 12. Qa3 Qe6 13. exf8=Q+ Bxf8
14. Nf6+ 1-0

[Event "2014 Battle of Alberta"]
[Site "Red Deer"]
[Date "2014.09.13"]
[Round "2.8"]
[White "Miller, David"]
[Black "Ebrahim-Shirazi, Behrooz"]
[Result "1-0"]
[WhiteElo "2235"]
[BlackElo "2188"]
[PlyCount "173"]
[EventDate "2014.09.13"]
[EventType "team"]
[EventRounds "2"]
[EventCountry "CAN"]
[WhiteTeam "North"]
[BlackTeam "South"]
[WhiteTeamCountry "CAN"]
[BlackTeamCountry "CAN"]

1. e4 e6 2. d4 d5 3. Nc3 Bb4 4. e5 c5 5. a3 Bxc3+ 6. bxc3 Qa5 7. Bd2 Qa4 8. Qb1
c4 9. h4 Ne7 10. h5 h6 11. Nf3 Nbc6 12. Nh4 Bd7 13. Be2 O-O-O 14. f4 Rdf8 15.
O-O Nf5 16. Nf3 Ng3 17. Rf2 Ne4 18. Rf1 f5 19. Be1 Be8 20. Nh4 Qa5 21. Qb2 Qd8
22. Rb1 Qe7 23. g4 b6 24. gxf5 exf5 25. Kh2 Nd2 26. Bxd2 Qxh4+ 27. Kg2 Kc7 28.
Rh1 Qe7 29. Bf3 Qe6 30. Rbg1 Rfg8 31. Kf2 g6 32. hxg6 Rxg6 33. Qc1 Rhg8 34.
Rxg6 Rxg6 35. Rg1 Ne7 36. Rxg6 Qxg6 37. Qh1 Bf7 38. Qh4 Kd7 39. Qh1 b5 40. Qb1
Qb6 41. Qb4 a5 42. Qb1 Qc6 43. Qh1 Qg6 44. Ke3 Kc6 45. Be1 Nc8 46. Bh4 a4 47.
Kf2 Nb6 48. Be7 h5 49. Qh4 Nc8 50. Bf6 Kd7 51. Qg5 Ke6 52. Bd8 Qxg5 53. fxg5
Na7 54. Kg3 Nc6 55. Bf6 b4 56. cxb4 Nxb4 57. Bd1 c3 58. Bd8 Nc6 59. Bb6 Bg6 60.
Kf4 h4 61. Bc5 Be8 62. Be2 Bg6 63. Bb5 h3 64. Kg3 Nxe5 65. dxe5 f4+ 66. Kxh3
Bxc2 67. Bd4 Bf5+ 68. Kg2 c2 69. Bb2 d4 70. Bxa4 d3 71. Bc1 Kxe5 72. Kf2 Be4
73. Bb3 Kf5 74. g6 Kxg6 75. Bxf4 Kf6 76. Bc1 Ke7 77. Ke3 Bh1 78. Kxd3 Kd7 79.
Kxc2 Kc6 80. Kc3 Kb7 81. Kb4 Ka8 82. a4 Bg2 83. Kc5 Kb7 84. a5 Bf1 85. Bd5+ Ka6
86. Bd2 Be2 87. Kc6 1-0

[Event "2014 Battle of Alberta"]
[Site "Red Deer"]
[Date "2014.09.13"]
[Round "2.9"]
[White "Nguyen, Kim"]
[Black "Sequillion, Aaron"]
[Result "0-1"]
[WhiteElo "2236"]
[BlackElo "2142"]
[PlyCount "100"]
[EventDate "2014.09.13"]
[EventType "team"]
[EventRounds "2"]
[EventCountry "CAN"]
[WhiteTeam "South"]
[BlackTeam "North"]
[WhiteTeamCountry "CAN"]
[BlackTeamCountry "CAN"]

1. e4 c5 2. Nf3 d6 3. Bb5+ Bd7 4. Bxd7+ Nxd7 5. d4 cxd4 6. Qxd4 Ngf6 7. O-O g6
8. Re1 Bg7 9. Nc3 O-O 10. a4 Ng4 11. Qb4 Qb6 12. Qxb6 axb6 13. Ra3 Nge5 14.
Nxe5 Bxe5 15. Nd5 e6 16. Nf4 Rfc8 17. Re2 Nc5 18. Nd3 Nxd3 19. Rxd3 Rxa4 20. f4
Bd4+ 21. Kf1 Ra1 22. Rxd4 Rxc1+ 23. Kf2 R8xc2 24. b4 Rxe2+ 25. Kxe2 Rb1 26. b5
Kf8 27. Rxd6 Rxb5 28. Rd7 e5 29. f5 gxf5 30. exf5 Kg7 31. g4 Rb2+ 32. Kf3 Rxh2
33. Rxb7 Rb2 34. g5 Rb4 35. Ke3 Rf4 36. g6 hxg6 37. fxg6 Kxg6 38. Rxb6+ f6 39.
Ra6 Rb4 40. Ra8 Kf5 41. Rf8 Rb3+ 42. Kf2 e4 43. Ke2 Ke5 44. Ra8 Kf4 45. Ra2 Rh3
46. Ra6 Rh2+ 47. Kf1 f5 48. Ra3 e3 49. Ra5 Ke4 50. Kg1 Rb2 0-1

[Event "2014 Battle of Alberta"]
[Site "Red Deer"]
[Date "2014.09.13"]
[Round "2.10"]
[White "Grumic, Sasa"]
[Black "Kobalenko, Jerry"]
[Result "1-0"]
[WhiteElo "2227"]
[BlackElo "2036"]
[PlyCount "80"]
[EventDate "2014.09.13"]
[EventType "team"]
[EventRounds "2"]
[EventCountry "CAN"]
[WhiteTeam "North"]
[BlackTeam "South"]
[WhiteTeamCountry "CAN"]
[BlackTeamCountry "CAN"]

1. Nf3 c5 2. g3 Nc6 3. Bg2 g6 4. O-O Bg7 5. d3 d5 6. Nc3 e6 7. e4 Nge7 8. Re1
d4 9. Ne2 e5 10. a3 O-O 11. b4 cxb4 12. axb4 Nxb4 13. Ba3 Nec6 14. Qb1 a5 15.
Nd2 Be6 16. f4 Re8 17. Rf1 Qd7 18. Nf3 Bg4 19. Bc1 b6 20. Kh1 Rac8 21. Neg1 f6
22. Nh4 Be6 23. f5 Bf7 24. Bh3 g5 25. Bxg5 Nd8 26. Bd2 Nxc2 27. g4 Nxa1 28.
Qxa1 Rc2 29. Qd1 Qa4 30. g5 Qa2 31. Nhf3 Bh5 32. Qe1 Nf7 33. Qg3 fxg5 34. Bxg5
Bxf3+ 35. Nxf3 h6 36. Bxh6 Nxh6 37. f6 Rc7 38. Rg1 Qf7 39. Qh4 Rc1 40. Rxc1
Qxf6 1-0

[Event "2014 Battle of Alberta"]
[Site "Red Deer"]
[Date "2014.09.13"]
[Round "2.11"]
[White "Daniluk, Jim"]
[Black "Hughey, Micah"]
[Result "1-0"]
[WhiteElo "2052"]
[BlackElo "2194"]
[PlyCount "87"]
[EventDate "2014.09.13"]
[EventType "team"]
[EventRounds "2"]
[EventCountry "CAN"]
[WhiteTeam "South"]
[BlackTeam "North"]
[WhiteTeamCountry "CAN"]
[BlackTeamCountry "CAN"]

1. d4 d5 2. Nf3 c5 3. g3 Nc6 4. Bg2 Nf6 5. O-O e6 6. b3 Be7 7. Bb2 O-O 8. e3
Ne4 9. Ne5 Qc7 10. f3 Nf6 11. a4 Nxe5 12. dxe5 Nd7 13. e4 dxe4 14. f4 f5 15.
Na3 a6 16. Qe2 b6 17. Qc4 Qc6 18. Rfd1 Bb7 19. Nb5 Nxe5 20. Bxe5 axb5 21. axb5
Rxa1 22. bxc6 Rxd1+ 23. Bf1 Bc8 24. Kf2 Rfd8 25. Be2 R1d2 26. Bc3 Rxc2 27. Qb5
Rxc3 28. c7 Rf8 29. Bc4 Rc2+ 30. Ke1 Bf6 31. Qxb6 Bc3+ 32. Kd1 Rd2+ 33. Kc1 Kf7
34. Qxc5 Bd4 35. Qxf5+ Ke7 36. Qxe4 Bc3 37. Qe3 Bb4 38. Qe5 Rf6 39. Qb5 Bd6 40.
Kxd2 Bxc7 41. Qc5+ Kd8 42. b4 Rf5 43. Qd4+ Ke7 44. Qxg7+ 1-0

[Event "2014 Battle of Alberta"]
[Site "Red Deer"]
[Date "2014.09.13"]
[Round "2.12"]
[White "Ottosen, David"]
[Black "Karmali, Hafiz"]
[Result "1/2-1/2"]
[WhiteElo "2128"]
[BlackElo "2039"]
[PlyCount "82"]
[EventDate "2014.09.13"]
[EventType "team"]
[EventRounds "2"]
[EventCountry "CAN"]
[WhiteTeam "North"]
[BlackTeam "South"]
[WhiteTeamCountry "CAN"]
[BlackTeamCountry "CAN"]

1. e4 Nf6 2. e5 Nd5 3. c4 Nb6 4. c5 Nd5 5. Nc3 e6 6. d4 d6 7. cxd6 cxd6 8. Nxd5
exd5 9. Nf3 Nc6 10. Bd3 Bg4 11. O-O Be7 12. h3 Bh5 13. exd6 Qxd6 14. Be3 O-O
15. Rc1 Bg6 16. Re1 Rac8 17. Qb3 Bxd3 18. Qxd3 Bf6 19. a3 Rfe8 20. b4 Qd7 21.
Qb3 b6 22. Qd3 Ne7 23. Ne5 Qf5 24. Qa6 Bxe5 25. dxe5 Nc6 26. b5 Nxe5 27. Rxc8
Rxc8 28. Qxa7 Nc4 29. Bxb6 d4 30. Bxd4 Qxb5 31. a4 Qd5 32. Qc5 Qxc5 33. Bxc5 f6
34. Bb4 Rb8 35. Bc5 Rc8 36. Ba7 Nb2 37. a5 Nd3 38. Re7 Nb4 39. Rb7 Nc6 40. a6
Ra8 41. Be3 Rxa6 1/2-1/2